Symposion 1982 : Vorträge zur griechischen und hellenistischen Rechtsgeschichte (Santander, 1.-4. September 1982) /

محفوظ في:

مؤلفون آخرون: Fernández Nieto, Francisco Javier.

التنسيق: كتاب

اللغة: French
English
German
Spanish

منشور في: Köln : Böhlau Verlag, 1989.

سلاسل: Akten der Gesellschaft für Griechische und Hellenistische Rechtsgeschichte ; 5.

الموضوعات:

الوسوم: إضافة وسم

لا توجد وسوم, كن أول من يضع وسما على هذه التسجيلة!

رقم الطلب: DF87 .S97 1982

LEADER 01212namaa2200289 4500
001 22161
003 OSt
005 20251223131148.0
008 130303s1989 gw af b 101 0 fre d
020 |a 341202189X 
040 |c ARCE Library 
041 0 |a fre  |a eng  |a ger  |a spa 
050 4 |a DF87 .S97 1982 
245 0 0 |a Symposion 1982 :   |b Vorträge zur griechischen und hellenistischen Rechtsgeschichte (Santander, 1.-4. September 1982) /   |c herausgegeben von Francisco Javier Fernández Nieto.  
246 3 |a Vorträge zur griechischen und hellenistischen Rechtsgeschichte : Symposion 1982. 
264 1 |a Köln :   |b Böhlau Verlag,   |c 1989. 
300 |a 317 pages, [1] leaf of plates :  |b illustrations ;  |c 24 cm. 
490 1 |a Akten der Gesellschaft fur Griechische und Hellenistische Rechtsgeschichte,  |x 0340-3149 ;  |v 5. 
504 |a Includes bibliographical references and index.  
546 |a French, English, German, and Spanish. 
650 0 |a Law, Greek  |v Congresses.  
650 0 |a Roman law  |v Congresses. 
700 1 |a Fernández Nieto, Francisco Javier. 
830 0 |a Akten der Gesellschaft für Griechische und Hellenistische Rechtsgeschichte ;   |v 5. 
901 |a reviewed 
942 |c BK  |2 lcc 
999 |c 20763  |d 20763